Normal view
MARC view
Entry Personal Name
001 - CONTROL NUMBER
- control field: 27042
003 - CONTROL NUMBER IDENTIFIER
- control field: ARRUPE
005 - DATE AND TIME OF LATEST TRANSACTION
- control field: 20161027112207.0
008 - FIXED-LENGTH DATA ELEMENTS
- fixed length control field: 161027|| aca||aabn | a|a d
040 ## - CATALOGING SOURCE
- Original cataloging agency: ARRUPE
- Transcribing agency: ARRUPE
100 ## - HEADING--PERSONAL NAME
- Personal name: Lamennais, Félicité Robert de,
- Dates associated with a name: 1782-1854.
670 ## - SOURCE DATA FOUND
- Source citation: Work cat.: (ARRUPE)0: Lilly, William Samuel, 1840-1919. 27037, Studies in religion and literature,, 1904.